000 01593cam a2200337 a 4500
001 225
003 BR-CuiBMT
005 20231116192630.0
008 230831s2012 mgba 000 0 por d
020 _a9788577005703 (v. 1)
020 _a9788545002161 (v. 2)
020 _a9788545006916 (v. 3)
040 _aBR-CuiBMT
_cBR-CuiBMT
080 _22007
_a347.991
_x(094.9):342
090 _a347.991(094.9):342
_bF996j
100 1 _aFux, Luiz,
_d1953-
245 1 0 _aJurisdição constitucional /
_cLuiz Fux ; [autores Bruno Vinícius da Rós Bodart ... et al.].
260 _aBelo Horizonte :
_bFórum,
_c[2012]-2019.
300 _a3 v. :
_bil. ;
_c24 cm
504 _aInclui bibliografia.
505 0 _aConteúdo completo: v. 1. Democracia e direitos fundamentais / Luiz Fux ; [autores Bruno Vinícius da Rós Bodart ... et al.] -- v. 2. Cidadania e direitos fundamentais / Luiz Fux ; Valter Shuenquener de Araujo coordenador ; [comentaristas Abhner Youssif Mota Arabi ... et al.] -- v. 3. República e direitos fundamentais / Luiz Fux ; [comentaristas Abhner Youssif Mota Arabi ... et al.].
590 _8A Biblioteca possui apenas os volumes 2 e 3.
610 _aBrasil.
_bSupremo Tribunal Federal
_xCompetência
610 _aBrasil.
_bSupremo Tribunal Federal
_xJurisprudência
610 _aBrasil.
_bCongresso Nacional
_xCompetência
610 _aBrasil.
_bTribunal de Contas da União.
650 _aDireito constitucional
_xJurisdição constitucional
650 _aJurisdição constitucional
_zBrasil
700 1 _aAraújo, Valter Shuenquener de
_ecoordenador
942 _2udc
_cLV
999 _c225
_d225